000 00412pab a2200157 454500
008 180718b2017 xxu||||| |||| 00| 0 eng d
100 _aMenon, Meena
245 _aA dirge for Kashmir
260 _c2017
300 _ap.22-25.
362 _a15 Jul
650 _aJammu and Kashmir - Politics and government
650 _aPolitics and government
773 _aEconomic and Political Weekly
909 _a115587
999 _c115581
_d115581